La filosofía de la percepción

Saved in:
Bibliografiske detaljer
Hovedforfatter: Warnock, G. J (Author)
Format: Bog
Sprog:spansk
Udgivet: Ciudad de México Fondo de Cultura Económica 1974
Udgivelse:1a. ed
Serier:Breviarios, 240
Fag:
Tags: Tilføj Tag
Ingen Tags, Vær først til at tagge denne postø!

MARC

LEADER 00000nam a2200000 a 4500
001 UCW5437
003 CL-VaPUC
008 910418e19740000MX |||||||||||||||||spa|d
082 0 4 |a 153.7  |b WAR  |2 21 
100 0 |a Warnock, G. J  |e author  |9 310424 
245 1 3 |a La filosofía de la percepción 
250 |a 1a. ed 
300 |a 278 p 
942 |c BK 
945 |d 19910418 00:00:00 
260 |a Ciudad de México  |b Fondo de Cultura Económica  |c 1974 
650 0 |a Percepción   |9 266750 
650 0 |a Sentidos  |9 266023 
583 |a last modification  |c 19910418 00:00:00  |k Rodrigo Vera 
490 0 |a Breviarios, 240 
999 |c 218878  |d 218876 
952 |0 0  |1 0  |4 0  |6 153_700000000000000_WAR_1974  |7 0  |8 P  |9 209125  |a BIBEDU  |b BIBEDU  |c BIBEDU_PB  |d 2019-11-15  |i 2769263  |o 153.7 WAR 1974  |p 2769263  |r 2024-01-25  |w 2019-11-15  |y BK  |k EDU 
952 |0 0  |1 0  |4 0  |6 153_700000000000000_WAR_1974  |7 0  |8 P  |9 209126  |a BIBEDU  |b BIBEDU  |c BIBEDU_PB  |d 2019-11-15  |i 1563742  |o 153.7 WAR 1974  |p 1563742  |r 2024-01-25  |w 2019-11-15  |y BK  |k FIL 
952 |0 0  |1 0  |4 0  |6 153_700000000000000_WAR_1974  |7 0  |8 DER_TF  |9 209127  |a BIBDER  |b BIBDER  |d 2019-11-15  |i 1884883  |o 153.7 WAR 1974  |p 1884883  |r 2023-01-25  |w 2019-11-15  |x Ubicación 4to Piso  |y BK  |z Estos recursos deben solicitarse con anticipación  |k DER